Science Quiz

Random Science or Animal Quiz

Do They Bite or Sting? Quiz Stats

 Plays Quiz Updated Aug 4, 2017

Support Sporcle.
Go Orange.
Score 0/20 Timer 04:00
5 Plays Today
Bug (B)ite or (S)ting % Correct
????
92.5%
????
91.2%
????
90.7%
????
89.9%
????
89.8%
????
89.2%
????
88.9%
????
88%
????
87.6%
????
85.7%
Bug (B)ite or (S)ting % Correct
????
82.5%
????
81.8%
????
80.8%
????
70.8%
????
65%
????
45.9%
????
44.5%
????
39%
????
36.6%
????
36.4%

You're not logged in!

Compare scores with friends on all Sporcle quizzes.
OR
Log In
Forgot?

From the Vault

Premier League Top Scorers (2020-21)

by epkeep32

All players dream of scoring 10 Premier League goals in a season, just so they would be featured in a Sporcle quiz.
Remove Ads.
Support Sporcle.
Get the best of Sporcle when you Go Orange. This ad-free experience offers more features, more stats, and more fun while also helping to support Sporcle. Thank you for becoming a member.

Show Comments

Extras

Top Quizzes Today


Score Distribution

Your Account Isn't Verified!

In order to create a playlist on Sporcle, you need to verify the email address you used during registration. Go to your Sporcle Settings to finish the process.

Report this User

Report this user for behavior that violates our Community Guidelines.

Details: